???ECT words Quiz Stats

 Plays Quiz not verified by Sporcle

Score 0/12 Timer 05:00
0 Plays Today
Rank Word % Correct
6891reject
72.7%
8842abject
66.2%
628object
64.9%
1443direct
63.6%
4222affect
58.4%
546effect
57.1%
7306detect
54.5%
4994select
54.5%
7549insect
53.2%
3528defect
51.9%
2455aspect
29.9%
1098expect
27.3%

You're not logged in!

Compare scores with friends on all Sporcle quizzes.
OR
Log In

Sporcle TV

Today on Sporcle TV


Watch our educational content, quiz creation guides, and fun videos on Sporcle TV.

Show Comments

Extras

Top Quizzes Today


Score Distribution

Your Account Isn't Verified!

In order to create a playlist on Sporcle, you need to verify the email address you used during registration. Go to your Sporcle Settings to finish the process.

Report this User

Report this user for behavior that violates our Community Guidelines.

Details: